[Event "Klaksvik Kjolur op"]
[Site "Klaksvik"]
[Date "2022.04.03"]
[Round "6"]
[White "Wiberg, Ingi"]
[Black "Jacobsen, Markus"]
[Result "1-0"]
[WhiteElo "1778"]
[BlackElo "1317"]
[PlyCount "83"]
[EventDate "2022.04.01"]
[EventType "swiss"]
[EventRounds "7"]
[EventCountry "FAI"]
[SourceTitle "EXT 2023"]
[Source "ChessBase"]
[SourceDate "2022.10.05"]
[SourceVersion "1"]
[SourceVersionDate "2022.10.05"]
[SourceQuality "1"]

1. e4 e5 2. Nf3 Nf6 3. Nxe5 d6 4. Nf3 Nxe4 5. Nc3 Nxc3 6. dxc3 Be7 7. Be3 Bg4 8. h3 Bh5 9. g4 Bg6 10. Bd3 Nc6 11. Qd2 Qd7 12. 0-0-0 0-0-0 13. Rhe1 Kb8 14. Bb5 a6 15. Ba4 b5 16. Bb3 Na5 17. c4 Nxb3+ 18. axb3 c6 19. Bb6 Rc8 20. Bc5 Rhd8 21. Qf4 Kb7 22. h4 h5 23. g5 Bf8 24. Ne5 Qf5 25. Qxf5 Bxf5 26. Nxf7 Rd7 27. Nxd6+ Bxd6 28. Rxd6 Rxd6 29. Bxd6 Rd8 30. c5 g6 31. Kd2 Bd7 32. Re7 Kc8 33. Rg7 Be8 34. Rc7+ Kb8 35. Rxc6+ Kb7 36. Rc7+ Ka8 37. Rg7 Rd7 38. Rg8 Rd8 39. f4 Kb7 40. Ke3 Kc8 41. f5 gxf5 42. Be7 1-0

[Event "FAI-chT2 2021"]
[Site "Faroe Islands"]
[Date "2021.02.21"]
[Round "8.2"]
[White "Wiberg, Ingi"]
[Black "Andreasen, Jakup a Rogvi"]
[Result "0-1"]
[WhiteElo "1844"]
[BlackElo "1978"]
[PlyCount "136"]
[EventDate "2020.10.04"]
[EventType "team-tourn"]
[EventRounds "10"]
[EventCountry "FAI"]
[SourceTitle "EXT 2022"]
[Source "ChessBase"]
[SourceDate "2021.10.06"]
[SourceVersion "1"]
[SourceVersionDate "2021.10.06"]
[SourceQuality "1"]
[WhiteTeam "Sandavagur II"]
[BlackTeam "Vestmanna"]
[WhiteTeamCountry "FAI"]
[BlackTeamCountry "FAI"]

1. c4 Nf6 2. Nc3 g6 3. g3 Bg7 4. Bg2 d6 5. Nf3 Nbd7 6. 0-0 0-0 7. d4 c5 8. e3 a6 9. b3 Rb8 10. Qc2 b5 11. Rb1 Bb7 12. d5 Nb6 13. Nd2 Qd7 14. Nce4 a5 15. Nxf6+ Bxf6 16. Bb2 Bxb2 17. Rxb2 Ba6 18. Rfb1 a4 19. Qc1 b4 20. e4 Ra8 21. Nf3 e5 22. Qh6 f6 23. Bh3 Qg7 24. Be6+ Kh8 25. Qc1 Bc8 26. Bxc8 Rfxc8 27. Rc2 axb3 28. Rxb3 Ra4 29. a3 Qc7 30. Nd2 Nd7 31. f3 Rca8 32. axb4 cxb4 33. Rcb2 Nc5 34. Re3 Ra1 35. Rb1 Qa7 36. Kf1 Rxb1 37. Qxb1 Qa1 38. Re1 Qc3 39. Qc1 Nd3 40. Qxc3 bxc3 41. Re3 c2 42. Nb3 Rb8 43. Re2 Rxb3 44. Rxc2 Nb4 45. Rc1 Rxf3+ 46. Ke2 Rb3 47. c5 dxc5 48. Rxc5 Rb2+ 49. Ke3 Nc2+ 50. Kd3 Nd4 51. Rc7 Rb8 52. Rc5 Kg8 53. h4 h5 54. Rc7 Rb3+ 55. Kc4 Rc3+ 56. Kxc3 Nb5+ 57. Kc4 Nxc7 58. Kc5 Kf7 59. Kc6 Ne8 60. d6 Ng7 61. d7 Ke7 62. Kc7 Ne6+ 63. Kc6 Nf8 64. d8Q+ Kxd8 65. Kd6 Ke8 66. Kd5 Ke7 67. Kc6 Ne6 68. Kd5 Nd4 0-1

[Event "FAI-chT2 2021"]
[Site "Faroe Islands"]
[Date "2021.02.07"]
[Round "7.2"]
[White "Djurhuus, Arant"]
[Black "Wiberg, Ingi"]
[Result "1-0"]
[WhiteElo "1730"]
[BlackElo "1844"]
[PlyCount "57"]
[EventDate "2020.10.04"]
[EventType "team-tourn"]
[EventRounds "10"]
[EventCountry "FAI"]
[SourceTitle "EXT 2022"]
[Source "ChessBase"]
[SourceDate "2021.10.06"]
[SourceVersion "1"]
[SourceVersionDate "2021.10.06"]
[SourceQuality "1"]
[WhiteTeam "Kollafjordur II"]
[BlackTeam "Sandavagur II"]
[WhiteTeamCountry "FAI"]
[BlackTeamCountry "FAI"]

1. d4 f5 2. Bf4 Nf6 3. e3 e6 4. h3 Be7 5. g4 d5 6. Nf3 c6 7. Ne5 g6 8. Nd2 Ne4 9. gxf5 exf5 10. Bd3 Bh4 11. Bxe4 fxe4 12. Qe2 Nd7 13. 0-0-0 Nxe5 14. Bxe5 0-0 15. f3 Qa5 16. Rhg1 Qxa2 17. fxe4 Rf2 18. Qh5 Qa1+ 19. Nb1 Qa4 20. Na3 Bd8 21. Rxg6+ hxg6 22. Qxg6+ Kf8 23. Rg1 Rf7 24. Bd6+ Ke8 25. Qg8+ Kd7 26. Qxf7+ Kxd6 27. Rg6+ Bf6 28. Rxf6+ Be6 29. Rxe6# 1-0

[Event "FAI-chT 1920"]
[Site "Faroe Islands"]
[Date "2020.03.01"]
[Round "9.4"]
[White "Olsen, Alfred A"]
[Black "Wiberg, Ingi"]
[Result "0-1"]
[WhiteElo "1799"]
[BlackElo "1820"]
[PlyCount "120"]
[EventDate "2019.10.13"]
[EventType "team-tourn"]
[EventRounds "10"]
[EventCountry "FAI"]
[SourceTitle "CBM 195 Extra"]
[Source "ChessBase"]
[SourceDate "2020.05.31"]
[SourceVersion "1"]
[SourceVersionDate "2020.05.31"]
[SourceQuality "1"]
[WhiteTeam "Vestmanna"]
[BlackTeam "Sandavagur"]
[WhiteTeamCountry "FAI"]
[BlackTeamCountry "FAI"]

1. e4 e5 2. Nf3 Nf6 3. Nc3 Nc6 4. Bc4 Nxe4 5. Nxe4 d5 6. Bxd5 Qxd5 7. Nc3 Qd8 8. h3 Bd6 9. 0-0 0-0 10. d3 f5 11. Re1 h6 12. b3 Re8 13. Bb2 a6 14. Ne2 Bd7 15. Ng3 f4 16. Ne4 Bf5 17. Qd2 Qd7 18. Rad1 Bxh3 19. gxh3 Qxh3 20. Nh2 f3 21. Nxf3 Qxf3 22. Re3 Qf4 23. Qe2 Re6 24. Rf3 Rg6+ 25. Ng3 Qg4 26. Qe4 Qe6 27. d4 exd4 28. Qxe6+ Rxe6 29. Bxd4 Nxd4 30. Rxd4 Rae8 31. Kg2 Rg6 32. Kf1 Rge6 33. Kg2 R8e7 34. Rfd3 Re5 35. f4 Re1 36. Kf3 Rf7 37. c4 b6 38. a4 g5 39. f5 Bxg3 40. Rd8+ Kg7 41. Kxg3 Rxf5 42. R8d7+ Rf7 43. Rd8 a5 44. c5 Rg1+ 45. Kh2 Rc1 46. cxb6 cxb6 47. R8d6 Rc2+ 48. Kg3 Rb7 49. Kg4 Rg2+ 50. Kf3 Rc2 51. Kg4 Rf2 52. Rh3 Rf4+ 53. Kh5 Rf6 54. Rxf6 Kxf6 55. Kxh6 g4 56. Rd3 Kf5 57. Rd5+ Ke4 58. Rg5 Kf4 59. Kh5 Rh7+ 60. Kg6 Rg7+ 0-1

[Event "FAI-chT2 1920"]
[Site "Faroe Islands"]
[Date "2019.11.03"]
[Round "3.1"]
[White "Olsen, Kaj"]
[Black "Wiberg, Ingi"]
[Result "0-1"]
[WhiteElo "1654"]
[BlackElo "1819"]
[PlyCount "70"]
[EventDate "2019.10.13"]
[EventType "team-tourn"]
[EventRounds "10"]
[EventCountry "FAI"]
[SourceTitle "CBM 195 Extra"]
[Source "ChessBase"]
[SourceDate "2020.05.31"]
[SourceVersion "1"]
[SourceVersionDate "2020.05.31"]
[SourceQuality "1"]
[WhiteTeam "Kollafjordur II"]
[BlackTeam "Sandavagur II"]
[WhiteTeamCountry "FAI"]
[BlackTeamCountry "FAI"]

1. e4 c5 2. Nf3 d6 3. d4 cxd4 4. Nxd4 Nf6 5. Nc3 g6 6. Be3 Bg7 7. Be2 Nc6 8. Qd2 0-0 9. 0-0 d5 10. exd5 Nxd5 11. Nxc6 bxc6 12. Bf3 Nxe3 13. Qxe3 Qc7 14. Rfe1 Be6 15. Qc5 Rab8 16. Rab1 Rfd8 17. Red1 Rxd1+ 18. Nxd1 Rd8 19. Ne3 Rd6 20. Nc4 Bd4 21. Qb4 Rd8 22. c3 Rb8 23. Qa3 Bxf2+ 24. Kxf2 Bxc4 25. Qa4 Bd3 26. Rd1 Rxb2+ 27. Kg1 Bc2 28. Qa3 Qb6+ 29. Kh1 Bxd1 30. Qxe7 Bxf3 31. Qe8+ Kg7 32. Qe5+ Kf8 33. Qh8+ Ke7 34. Qe5+ Kd7 35. gxf3 Qf2 0-1

[Event "FAI-chT2 1920"]
[Site "Faroe Islands"]
[Date "2019.10.13"]
[Round "1.1"]
[White "Petersen, Terji"]
[Black "Wiberg, Ingi"]
[Result "1-0"]
[WhiteElo "1988"]
[BlackElo "1819"]
[PlyCount "75"]
[EventDate "2019.10.13"]
[EventType "team-tourn"]
[EventRounds "10"]
[EventCountry "FAI"]
[SourceTitle "CBM 195 Extra"]
[Source "ChessBase"]
[SourceDate "2020.05.31"]
[SourceVersion "1"]
[SourceVersionDate "2020.05.31"]
[SourceQuality "1"]
[WhiteTeam "Klaksvik II"]
[BlackTeam "Sandavagur II"]
[WhiteTeamCountry "FAI"]
[BlackTeamCountry "FAI"]

1. d4 f5 2. c4 Nf6 3. Nc3 e6 4. g3 Be7 5. Bg2 0-0 6. Nf3 d6 7. Rb1 Nbd7 8. b4 e5 9. Ng5 Nb6 10. dxe5 dxe5 11. Qb3 c6 12. 0-0 e4 13. Rd1 Qe8 14. c5+ Nbd5 15. f3 Kh8 16. fxe4 Nxc3 17. Qxc3 Nxe4 18. Nxe4 fxe4 19. Bxe4 Bh3 20. Qc2 Rd8 21. Bf4 Qh5 22. Rxd8 Bxd8 23. Rd1 Bg5 24. Bf3 Bg4 25. Bxg5 Qxg5 26. Qe4 Bf5 27. Qe5 Qh6 28. Qxf5 Qe3+ 29. Kg2 Kg8 30. Qe4 Qc3 31. Qd4 Qc2 32. Rd2 Qb1 33. Rb2 Qa1 34. b5 h6 35. bxc6 bxc6 36. Rb4 Qe1 37. Rb7 Qa1 38. Rxg7+ 1-0

[Event "FAI-chT2 1718"]
[Site "Faroe Islands"]
[Date "2018.01.20"]
[Round "4.3"]
[White "Wiberg, Ingi"]
[Black "Olsen, Alfred A"]
[Result "1-0"]
[WhiteElo "1759"]
[BlackElo "1805"]
[PlyCount "115"]
[EventDate "2017.10.22"]
[EventType "team-tourn"]
[EventRounds "10"]
[EventCountry "FAI"]
[SourceTitle "EXT 2020"]
[Source "ChessBase"]
[SourceDate "2019.10.17"]
[SourceVersion "1"]
[SourceVersionDate "2019.10.17"]
[SourceQuality "1"]
[WhiteTeam "Sandavagur II"]
[BlackTeam "Vestmanna"]
[WhiteTeamCountry "FAI"]
[BlackTeamCountry "FAI"]

1. e4 c5 2. Nc3 d6 3. f4 e6 4. Bc4 Nc6 5. Nf3 Nf6 6. 0-0 Be7 7. Bb5 Bd7 8. d3 a6 9. Bxc6 Bxc6 10. Qe1 Qc7 11. Qg3 g6 12. Bd2 d5 13. e5 Nh5 14. Qe1 Ng7 15. Ne2 Nf5 16. Ng3 h5 17. Nxf5 gxf5 18. h4 d4 19. Ng5 b6 20. a3 Bxg5 21. fxg5 Ke7 22. Qe2 b5 23. b4 Bd5 24. bxc5 a5 25. Qe1 Qxc5 26. Bxa5 Qxc2 27. Qb4+ Ke8 28. Rf2 Qxd3 29. Rc1 Bc4 30. a4 Qb3 31. axb5 Qxb4 32. Bxb4 Bxb5 33. Rc7 Kd8 34. Rxf7 d3 35. g6 Ra1+ 36. Kh2 Be8 37. Rd2 Ra4 38. Rxd3+ Kc8 39. Bd6 Rxh4+ 40. Kg1 Rc4 41. g7 Rg8 42. Rf8 Rxg7 43. Rxe8+ Kd7 44. Bf8+ Kxe8 45. Bxg7 Kf7 46. Bf6 f4 47. Kf2 Kg6 48. Kf3 Kf5 49. g3 fxg3 50. Kxg3 Rg4+ 51. Kh3 Rc4 52. Rf3+ Kg6 53. Bh4 Rc6 54. Rf6+ Kg7 55. Bg3 Rc4 56. Rxe6 Re4 57. Rf6 Kh7 58. Bf4 1-0

[Event "Faroes op"]
[Site "Kollafjord"]
[Date "2017.07.15"]
[Round "5"]
[White "Miezis, Normunds"]
[Black "Wiberg, Ingi"]
[Result "1-0"]
[WhiteElo "2447"]
[BlackElo "1759"]
[PlyCount "31"]
[EventDate "2017.07.12"]
[EventType "swiss"]
[EventRounds "9"]
[EventCountry "FAI"]
[SourceTitle "EXT 2018"]
[Source "ChessBase"]
[SourceDate "2017.10.13"]
[SourceVersion "1"]
[SourceVersionDate "2017.10.13"]
[SourceQuality "1"]

1. c4 e6 2. e4 d5 3. exd5 exd5 4. d4 Bb4+ 5. Nc3 Nf6 6. Nf3 c6 7. Bd3 Be6 8. cxd5 Nxd5 9. Bd2 Be7 10. 0-0 0-0 11. Re1 Re8 12. Qc2 Nf6 13. Ng5 Qxd4 14. Rxe6 fxe6 15. Bxh7+ Kh8 16. Nf7# 1-0

[Event "Faroes op"]
[Site "Kollafjord"]
[Date "2017.07.13"]
[Round "2"]
[White "Wiberg, Ingi"]
[Black "Morkore, Rogvi"]
[Result "1/2-1/2"]
[WhiteElo "1759"]
[BlackElo "1317"]
[PlyCount "130"]
[EventDate "2017.07.12"]
[EventType "swiss"]
[EventRounds "9"]
[EventCountry "FAI"]
[SourceTitle "EXT 2018"]
[Source "ChessBase"]
[SourceDate "2017.10.13"]
[SourceVersion "1"]
[SourceVersionDate "2017.10.13"]
[SourceQuality "1"]

1. e4 e6 2. c4 d5 3. cxd5 exd5 4. exd5 Qxd5 5. Nc3 Qd8 6. Bc4 Nf6 7. Qb3 Qe7+ 8. Nge2 Nc6 9. 0-0 g6 10. d4 Bg7 11. Bg5 0-0 12. Rfe1 Na5 13. Qb5 Nxc4 14. Qxc4 Re8 15. Nd5 Qe6 16. Bxf6 Bxf6 17. Nxf6+ Qxf6 18. Qxc7 b6 19. Qc3 Bb7 20. Ng3 Rxe1+ 21. Rxe1 Rc8 22. Qe3 Qc6 23. f3 Qd5 24. a3 Bc6 25. Ne4 Qe6 26. Qd2 Re8 27. Kf2 Bxe4 28. Rxe4 Qd7 29. Rxe8+ Qxe8 30. Qe3 Qb5 31. b4 a5 32. Qe5 Qxe5 33. dxe5 Kf8 34. bxa5 bxa5 35. Ke3 Ke7 36. Kd4 Ke6 37. f4 Kf5 38. Ke3 h6 39. h3 h5 40. g3 f6 41. exf6 Kxf6 42. Ke4 Ke6 43. g4 hxg4 44. hxg4 Kf6 45. a4 Kf7 46. Ke5 Ke7 47. f5 gxf5 48. gxf5 Kf7 49. Ke4 Kf6 50. Kf4 Kf7 51. Ke5 Ke7 52. Kd5 Kf6 53. Ke4 Kf7 54. Kd5 Kf6 55. Kc5 Kxf5 56. Kb6 Ke6 57. Kxa5 Kd7 58. Kb6 Kc8 59. Ka7 Kc7 60. a5 Kc8 61. a6 Kc7 62. Ka8 Kc8 63. Ka7 Kc7 64. Ka8 Kc8 65. a7 Kc7 1/2-1/2

[Event "Faroes op"]
[Site "Kollafjord"]
[Date "2017.07.12"]
[Round "1"]
[White "Rasmussen, Allan Stig"]
[Black "Wiberg, Ingi"]
[Result "1-0"]
[WhiteElo "2540"]
[BlackElo "1759"]
[PlyCount "61"]
[EventDate "2017.07.12"]
[EventType "swiss"]
[EventRounds "9"]
[EventCountry "FAI"]
[SourceTitle "EXT 2018"]
[Source "ChessBase"]
[SourceDate "2017.10.13"]
[SourceVersion "1"]
[SourceVersionDate "2017.10.13"]
[SourceQuality "1"]

1. d4 f5 2. Nf3 Nf6 3. c4 e6 4. Nc3 Be7 5. h3 d6 6. Qc2 0-0 7. g4 d5 8. e3 Ne4 9. gxf5 Nxc3 10. bxc3 exf5 11. Qb3 c6 12. cxd5 cxd5 13. Bg2 b6 14. Ne5 Be6 15. a4 Na6 16. Nc6 Qd7 17. Bxd5 Rf6 18. Bxe6+ Rxe6 19. Ne5 Qc8 20. Bb2 Kf8 21. f4 Rxe5 22. fxe5 Qc6 23. 0-0-0 Qe4 24. Rhf1 Nb4 25. cxb4 Rc8+ 26. Bc3 Qxe3+ 27. Kb2 Qe2+ 28. Qc2 Qxc2+ 29. Kxc2 Bxb4 30. Rxf5+ Ke7 31. Rf3 1-0

[Event "Runavik op"]
[Site "Runavik"]
[Date "2016.11.26"]
[Round "7"]
[White "Wiberg, Ingi"]
[Black "Baldvinsson, Loftur"]
[Result "0-1"]
[WhiteElo "1712"]
[BlackElo "1961"]
[PlyCount "120"]
[EventDate "2016.11.21"]
[EventType "swiss"]
[EventRounds "9"]
[EventCountry "FAI"]
[SourceTitle "CBM 175 Extra"]
[Source "ChessBase"]
[SourceDate "2016.12.12"]
[SourceVersion "1"]
[SourceVersionDate "2016.12.12"]
[SourceQuality "1"]

1. e4 e6 2. c4 d5 3. exd5 exd5 4. cxd5 Qxd5 5. Nc3 Qd8 6. Bc4 Nf6 7. Qb3 Qe7+ 8. Nge2 Nbd7 9. d4 Nb6 10. Bg5 c6 11. 0-0 Nxc4 12. Qxc4 Be6 13. Qa4 Qb4 14. Qxb4 Bxb4 15. Nf4 0-0-0 16. Nxe6 fxe6 17. a3 Ba5 18. Be3 Nd5 19. Nxd5 exd5 20. b4 Bc7 21. a4 a6 22. Rfc1 Rde8 23. Rc3 Rhf8 24. Rac1 Rf6 25. g3 Kd7 26. a5 Bd6 27. Rb1 Rfe6 28. Kg2 Be7 29. Rb2 Bf6 30. Rd3 h6 31. Kf3 Re4 32. Rbd2 Be7 33. Rb3 g5 34. Kg2 Bd6 35. Rdd3 Rb8 36. Rdc3 Ree8 37. f4 g4 38. h3 h5 39. hxg4 hxg4 40. Rb1 Re4 41. Rh1 Bxb4 42. Rh7+ Re7 43. Rxe7+ Kxe7 44. Rb3 Bxa5 45. f5 Bc7 46. Bg5+ Kd7 47. Rb2 b5 48. f6 a5 49. Rb1 Bd6 50. Rh1 Ke6 51. Rh6 Kf5 52. Bd2 Bf8 53. f7 Bxh6 54. Bxh6 Ke4 55. Bg7 b4 56. f8Q Rxf8 57. Bxf8 Kxd4 58. Kf2 Kd3 59. Ke1 Kc2 60. Bg7 a4 0-1